| 000 | 00526nam a22001937a 4500 | ||
|---|---|---|---|
| 003 | 0 | ||
| 005 | 20241111133006.0 | ||
| 008 | 241111b xxu||||| |||| 00| 0 eng d | ||
| 020 | _a978-0-439-43653-3 | ||
| 082 |
_aCL _b.Mil643 2002 |
||
| 100 | _aMiles, Ellen | ||
| 245 |
_aThe pied piper _cEllen Miles. |
||
| 260 |
_aNew York, NY : _bScholastic Inc., _cc2002. |
||
| 300 |
_a78 pages ; _c20 cm. |
||
| 490 | _aScholastic Junior Classics | ||
| 500 | _aRetold from Robert Browning | ||
| 650 | _aFairy tales. | ||
| 942 |
_2ddc _cBK |
||
| 999 |
_c366669 _d366669 |
||